01069 2200325 4500001002100000005001500021035002000036007000300056008004100059020002200100040002200122082002600144084002800170090003200198090002200230100002600252245010800278250003100386300006200417650003600479700003300515850001200548504003300560264003200593336002100625337003000646338002300676999002200699990002200721INLIS00000000085877220210416083415 a0010-0421000677ta210416s2020 yoia gr ind d a978-623-02-1245-1 aYOPDYOGbinderda04223a621.3121360959844 a621.3121360959844 AKM k aDEP 621.3121360959844 AKM k aCB-D.11 2020-10890 aAkmald1964-epenulis10aKincir angin :bmembelah bukit Pabbaresseng Kabupaten Sidenreng Rappang /cpenulis, Akmal, Rahmat Ahmad aCetakan pertama: Juli 2020 ax, 194 halaman :bilustrasi, gambar, foto, tabel ;c25 cm 4aTenaga angin--zSulawesi Tengah0 aRahmat Ahmadd1987-epenulis aYOPDYOG aBibliografi: halaman 190-19231aSleman :bDeepublish,c2020 2rdacontentateks 2rdamediaatanpa perantara 2rdacarrieravolume aCB-D.11/2020-1089 aCB-D.11/2020-1089